| 000 | 00863nac a22002291u 4500 | ||
|---|---|---|---|
| 010 | _a 90022223 | ||
| 020 | _a0023300116 | ||
| 082 | 0 | 0 |
_a629.83 _bDOY |
| 090 |
_c9679 _d9679 |
||
| 100 | _aDoyle, John Comstock. | ||
| 245 | 1 | 0 |
_aFeedback control theory / _cJohn C. Doyle, Bruce A. Francis, Allen R. Tannenbaum. |
| 260 |
_a New York : _bMacmillan Pub. Co. ; _aToronto : _bCollier Macmillan Canada ; _aNew York : _bMaxwell Macmillan International,c1992. _cc1992. |
||
| 300 |
_axi, 227 p. : _bill. ; _c24 cm. |
||
| 500 | _aDistributer: Al-Ahram. | ||
| 504 | _aIncludes bibliographical references and index. | ||
| 511 | _aCatalogued By: Mahitab. | ||
| 650 | 0 | _aFeedback control systems. | |
| 650 | 0 | _aControl theory. | |
| 700 | 1 | _aFrancis, Bruce A. | |
| 700 | 1 |
_aTannenbaum, Allen, _d1953- |
|
| 942 |
_cBB _k629.83DOY |
||
| 999 |
_c9679 _d9679 |
||